| 000 | 00621cam a22002411 4500 | ||
|---|---|---|---|
| 001 | sa 68019358 | ||
| 003 | DLC | ||
| 005 | 20260227112717.0 | ||
| 008 | 890508s1966 xx 000 0 hino | ||
| 010 | _asa 68019358 | ||
| 035 | _a(OCoLC)23574037 | ||
| 040 |
_aDLC _cMiU _dDLC |
||
| 042 | _apremarc | ||
| 050 | 0 | 0 |
_aB746.A4 _bU72 1966 |
| 110 | 2 | _aIkhwān al-Ṣafāʼ. | |
| 245 | 0 | 0 | _aIkhvān al-Ṣafā. |
| 260 | _c[1966] | ||
| 300 |
_a224 p. _c22 cm. |
||
| 500 | _aRomanized. | ||
| 650 | 0 |
_aTheological anthropology _xIslam |
|
| 700 | 2 |
_aIkrām ʻAlī, Maulavi, _etr. |
|
| 700 | 1 |
_aNaqvī, Aḥrāz, _d1936- _eed. |
|
| 999 |
_c88868 _d88868 |
||